000 00361nam a2200133Ia 4500
005 20260328104316.0
008 260328s9999||||xx |||||||||||||| ||und||
100 _aFerrer, Servio Tulio
245 0 _aDiseñoterapia /
_cServio Tulio Ferrer
260 _bFacultad de Arquitectura y Urbanismo
300 _a63 p.
650 _aDIBUJO ARQUITECTÓNICO
942 _cBK
999 _c11171
_d11171